Central Library OPAC University of Rajshahi

Law of prints and impressions: finger, thumb, palm, foot, etc. : (Record no. 51850)

MARC details
000 -LEADER
fixed length control field 00777nam a2200229 a 4500
001 - CONTROL NUMBER
control field 51850
003 - CONTROL NUMBER IDENTIFIER
rucl marc code BD-RjUL
005 - DATE AND TIME OF LATEST TRANSACTION
control field 20211209075723.0
008 - FIXED-LENGTH DATA ELEMENTS--GENERAL INFORMATION
fixed length control field 160904s1972 ii ac b 001 0 eng
035 ## - SYSTEM CONTROL NUMBER
System control number (BD-RjUL)
040 ## - CATALOGING SOURCE
Original cataloging agency DLC
Transcribing agency DLC
Modifying agency DLC
-- BD-RjUL
Language of cataloging eng
041 ## - LANGUAGE CODE
Language code of text/sound track or separate title eng
082 00 - DEWEY DECIMAL CLASSIFICATION NUMBER
Classification number 364
Edition number 23
Author mark and year VEL 1972
100 1# - MAIN ENTRY--PERSONAL NAME
Personal name Venkaiah, D.
9 (RLIN) 155104
245 10 - TITLE STATEMENT
Title Law of prints and impressions: finger, thumb, palm, foot, etc. :
Remainder of title with blocks, illustrations, photos, sketches and diagrams /
Statement of responsibility, etc. D. Venkaiah. With a foreword by M. B. Niyogi.
260 ## - PUBLICATION, DISTRIBUTION, ETC. (IMPRINT)
Place of publication, distribution, etc. Allahabad :
Name of publisher, distributor, etc. Law Book Co.,
Date of publication, distribution, etc. 1969 [1972]
300 ## - PHYSICAL DESCRIPTION
Pagination xii, 188 p. :
Illustrations ill. ;
Size 25 cm.
504 ## - BIBLIOGRAPHY, ETC. NOTE
Bibliography, etc Includes bibliography and index.
650 #0 - SUBJECT ADDED ENTRY--TOPICAL TERM
Topical term or geographic name as entry element Criminology
9 (RLIN) 155105
Topical term or geographic name as entry element Identification.
9 (RLIN) 155106
942 ## - ADDED ENTRY ELEMENTS (KOHA)
Source of classification or shelving scheme Dewey Decimal Classification
Koha item type Books
Holdings
Lost status Source of classification or shelving scheme Damaged status Not for loan Collection code Permanent Location Current Location Shelving location Date acquired Source of acquisition Cost, normal purchase price Total Checkouts Full call number Date last seen Copy number Koha item type
  Dewey Decimal Classification   Not For Loan Non-fiction Central Library, University of Rajshahi Central Library, University of Rajshahi Reading Room 07/02/1974 Warsi Book Corp. 28.00   364 VEL 1972 04/09/2016 C-1 Books
  Dewey Decimal Classification   Not For Loan Non-fiction Central Library, University of Rajshahi Central Library, University of Rajshahi Reading Room 07/02/1974 Warsi Book Corp. 28.00   364 VEL 1972 04/09/2016 C-2 Books